书目信息 |
| 题名: |
美术基础
|
|
| 作者: | 彭朝风 , 赵丽强 主编 | |
| 分册: | ||
| 出版信息: | 上海 复旦大学出版社 2018 |
|
| 页数: | 121页 | |
| 开本: | 30cm | |
| 丛书名: | 全国学前教育专业 (新课程标准) “十三五”规划教材 | |
| 单 册: | ||
| 中图分类: | J-43 | |
| 科图分类: | ||
| 主题词: | 美术--mei shu--幼儿师范学校--教材 | |
| 电子资源: | ||
| ISBN: | 978-7-309-12994-6 | |
| 000 | 01103nam 2200289 45 | |
| 001 | 012001002933 | |
| 005 | 20191029162936.34 | |
| 010 | @a978-7-309-12994-6@dCNY30.00 | |
| 099 | @aCAL 012017182244 | |
| 100 | @a20171108d2017 em y0chiy50 ea | |
| 101 | 0 | @achi |
| 102 | @aCN@b310000 | |
| 105 | @aa a 000yy | |
| 106 | @ar | |
| 200 | 1 | @a美术基础@Amei shu ji chu@f彭朝风, 赵丽强主编 |
| 210 | @a上海@c复旦大学出版社@d2018 | |
| 215 | @a121页@c图 (部分彩图)@d30cm | |
| 225 | 2 | @a全国学前教育专业 (新课程标准) “十三五”规划教材@Aquan guo xue qian jiao yu zhuan ye ( xin ke cheng biao zhun ) “ shi san wu ” gui hua jiao cai@i艺体类 |
| 320 | @a有书目 | |
| 330 | @a本书从素描、简笔画、色彩、手工、中国画、美术欣赏六个方面设计教学内容, 涵盖了学前教育专业学生必须掌握的基本知识与技能。 | |
| 410 | 0 | @12001 @a全国学前教育专业 (新课程标准) “十三五”规划教材@i艺体类 |
| 606 | 0 | @a美术@Amei shu@x幼儿师范学校@j教材 |
| 690 | @aJ-43@v5 | |
| 701 | 0 | @a彭朝风@Apeng zhao feng@4主编 |
| 701 | 0 | @a赵丽强@Azhao li qiang@4主编 |
| 801 | 2 | @aCN@b江苏凤凰@c20191020 |
| 905 | @b1216769-72@dJ-43@e64@f4 | |
| 美术基础/彭朝风, 赵丽强主编.-上海:复旦大学出版社,2018 |
| 121页:图 (部分彩图);30cm.-(全国学前教育专业 (新课程标准) “十三五”规划教材.艺体类) |
| ISBN 978-7-309-12994-6:CNY30.00 |
| 本书从素描、简笔画、色彩、手工、中国画、美术欣赏六个方面设计教学内容, 涵盖了学前教育专业学生必须掌握的基本知识与技能。 |
| ● |
| 相关链接 |
|
|
|
|
正题名:美术基础
索取号:J-43/64
 
预约/预借
| 序号 | 登录号 | 条形码 | 馆藏地/架位号 | 状态 | 备注 |
| 1 | 1216769 | 212167698 | 第一样本阅览室/ [索取号:J-43/64] | 在馆 | |
| 2 | 1216770 | 212167705 | 教育系资料室/ [索取号:J-43/64] | 在馆 | |
| 3 | 1216771 | 212167714 | 教育系资料室/ [索取号:J-43/64] | 在馆 | |
| 4 | 1216772 | 212167723 | 第一借阅区/ [索取号:J-43/64] | 在馆 |